Эффект стабилизации фазы СВЧ-колебаний наносекундных генераторов Ганна; Письма в Журнал технической физики; Т. 39, вып. 21
| Parent link: | Письма в Журнал технической физики/ Российская академия наук (РАН), Физико-технический институт им. А. Ф. Иоффе (ФТИ) ; Отделение общей физики и астрономии РАН.— , 1975- Т. 39, вып. 21.— 2013.— [С. 45-51] |
|---|---|
| Autor Corporativo: | |
| Outros autores: | , , , , , , |
| Summary: | Заглавие с экрана Исследуется эффект влияния полупроводниковой структуры генераторного диода на стабилизацию фазы СВЧ-колебаний наносекундного генератора Ганна фронтом импульса модулирующего напряжения. Методом численного моделирования определены отклонения фазы в зависимости от разброса длительности фронта и амплитуды импульса. Выполнены измерения стандартного отклонения времени задержки фазы СВЧ-колебаний генератора относительно фиксированного уровня на фронте модулирующего импульса и стандартное отклонение разности фаз СВЧ-колебаний двух электродинамически развязанных генераторов, подключенных параллельно к одному модулятору. |
| Idioma: | ruso |
| Publicado: |
2013
|
| Subjects: | |
| Acceso en liña: | http://journals.ioffe.ru/articles/14646 |
| Formato: | Electrónico Capítulo de libro |
| KOHA link: | https://koha.lib.tpu.ru/cgi-bin/koha/opac-detail.pl?biblionumber=653612 |
MARC
| LEADER | 00000naa0a2200000 4500 | ||
|---|---|---|---|
| 001 | 653612 | ||
| 005 | 20250227155834.0 | ||
| 035 | |a (RuTPU)RU\TPU\network\19095 | ||
| 090 | |a 653612 | ||
| 100 | |a 20170317d2013 k||y0rusy50 ca | ||
| 101 | 0 | |a rus | |
| 102 | |a RU | ||
| 135 | |a drgn ---uucaa | ||
| 181 | 0 | |a i | |
| 182 | 0 | |a b | |
| 200 | 1 | |a Эффект стабилизации фазы СВЧ-колебаний наносекундных генераторов Ганна |f В. Ю. Конев [и др.] | |
| 203 | |a Текст |c электронный | ||
| 300 | |a Заглавие с экрана | ||
| 320 | |a [Библиогр.: 7 назв.] | ||
| 330 | |a Исследуется эффект влияния полупроводниковой структуры генераторного диода на стабилизацию фазы СВЧ-колебаний наносекундного генератора Ганна фронтом импульса модулирующего напряжения. Методом численного моделирования определены отклонения фазы в зависимости от разброса длительности фронта и амплитуды импульса. Выполнены измерения стандартного отклонения времени задержки фазы СВЧ-колебаний генератора относительно фиксированного уровня на фронте модулирующего импульса и стандартное отклонение разности фаз СВЧ-колебаний двух электродинамически развязанных генераторов, подключенных параллельно к одному модулятору. | ||
| 461 | |t Письма в Журнал технической физики |f Российская академия наук (РАН), Физико-технический институт им. А. Ф. Иоффе (ФТИ) ; Отделение общей физики и астрономии РАН |d 1975- | ||
| 463 | |t Т. 39, вып. 21 |v [С. 45-51] |d 2013 | ||
| 610 | 1 | |a электронный ресурс | |
| 610 | 1 | |a труды учёных ТПУ | |
| 610 | 1 | |a СВЧ-колебания | |
| 610 | 1 | |a наносекундные генераторы | |
| 610 | 1 | |a генераторы Ганна | |
| 701 | 1 | |a Конев |b В. Ю. |g Владимир Юрьевич | |
| 701 | 1 | |a Климов |b А. И. |c специалист в области электроники |c доцент Томского политехнического университета, кандидат физико-математических наук |f 1955- |g Алексей Иванович |3 (RuTPU)RU\TPU\pers\31691 | |
| 701 | 1 | |a Ковальчук |b О. Б. |g Олег Борисович | |
| 701 | 1 | |a Губанов |b В. П. |g Владимир Павлович | |
| 701 | 1 | |a Кожевников |b В. Ю. |g Василий Юрьевич | |
| 701 | 1 | |a Козырев |b А. В. |g Алексей Владимирович | |
| 701 | 1 | |a Торхов |b Н. А. |g Николай Анатольевиич | |
| 712 | 0 | 2 | |a Национальный исследовательский Томский политехнический университет (ТПУ) |b Институт физики высоких технологий (ИФВТ) |3 (RuTPU)RU\TPU\col\17233 |
| 801 | 2 | |a RU |b 63413507 |c 20170328 |g RCR | |
| 856 | 4 | |u http://journals.ioffe.ru/articles/14646 | |
| 942 | |c CF | ||